Отчет Астраханского губернского статистического комитета ... (Запись № 2672129)

Подробности
000 -МАРКЕР
контрольное поле 02694nam1a22003611i 4500
001 - ИДЕНТИФИКАТОР ЗАПИСИ
контрольное поле v19\rc\1451734
005 - ИДЕНТИФИКАТОР ВЕРСИИ
контрольное поле 20260407025158.0
035 ## - ДРУГИЕ СИСТЕМНЫЕ НОМЕРА
Идентификатор записи (NLR Aleph) 004592144
100 ## - ДАННЫЕ ОБЩЕЙ ОБРАБОТКИ
Данные общей обработки 20060620d18701898|||y0rusy50 ca
101 0# - ЯЗЫК РЕСУРСА
Язык текста, звукозаписи и т.д. русский
102 ## - СТРАНА ПУБЛИКАЦИИ ИЛИ ПРОИЗВОДСТВА
Страна публикации Российская Федерация
105 ## - ПОЛЕ КОДИРОВАННЫХ ДАННЫХ: ТЕКСТОВЫЕ МАТЕРИАЛЫ, МОНОГРАФИЧЕСКИЕ
Кодированные данные о монографическом текстовом документе y i |||||
200 1# - ЗАГЛАВИЕ И СВЕДЕНИЯ ОБ ОТВЕТСТВЕННОСТИ
Основное заглавие Отчет Астраханского губернского статистического комитета ...
210 ## - ПУБЛИКАЦИЯ, РАСПРОСТРАНЕНИЕ И ДР.
Место издания, распространения и т.д. Астрахань
Дата издания, распространения и т.д. 1870-1898
215 ## - ФИЗИЧЕСКАЯ ХАРАКТЕРИСТИКА
Размеры 16-24
300 ## - ОБЩИЕ ПРИМЕЧАНИЯ
Текст примечания Загл. отчетов за 1869-1870 гг.: Отчет секретаря Астраханского губернского статистического комитета; за 1883, 1885-1887, 1897 гг.: Отчет о деятельности Астраханского губернского статистического комитета; за 1888 г.: Отчет о действиях Астраханского губернского статистического комитета; за 1881-1882 гг.: Протокол 2 сентября 1883 г. и Отчеты Астраханского губернского статистического комитета
300 ## - ОБЩИЕ ПРИМЕЧАНИЯ
Текст примечания Сост. отчетов за 1878-1880 гг.: Д.В. Чичинадзе; за 1888 г.: И.С. Иванов
300 ## - ОБЩИЕ ПРИМЕЧАНИЯ
Текст примечания Отчеты за 1884-1888, 1891 гг.: Отд. отт. из "Астрах. губ. вед." № 70 1885 г., № 34 1886 г., № 65 1887 г., № 7 1888 г., №№ 47 и 49 1889 г., №№ 66 и 67 1892 г.
309 ## - ПРИМЕЧАНИЯ ОБ ОСНОВНОМ ИСТОЧНИКЕ ИНФОРМАЦИИ И ОБ ОСОБЕННОСТЯХ ПОЛИГРАФИЧЕСКОГО ОФОРМЛЕНИЯ ИЗДАНИЯ
Текст примечания Отчеты за 1869-1870, 1876-1878, 1883, 1897 гг. без тит. л. и обл.
517 0# - ДРУГИЕ ВАРИАНТЫ ЗАГЛАВИЯ
Вариант заглавия Отчет секретаря Астраханского губернского статистического комитета
517 0# - ДРУГИЕ ВАРИАНТЫ ЗАГЛАВИЯ
Вариант заглавия Отчет о деятельности Астраханского губернского статистического комитета
517 0# - ДРУГИЕ ВАРИАНТЫ ЗАГЛАВИЯ
Вариант заглавия Отчет о действиях Астраханского губернского статистического комитета
517 0# - ДРУГИЕ ВАРИАНТЫ ЗАГЛАВИЯ
Вариант заглавия Протокол 2 сентября 1883 г. и Отчеты Астраханского губернского статистического комитета
710 02 - НАИМЕНОВАНИЕ ОРГАНИЗАЦИИ - ПЕРВИЧНАЯ ОТВЕТСТВЕННОСТЬ
Начальный элемент ввода Астраханский губернский статистический комитет
Идентификатор авторитетной/нормативной записи RU\NLR\AUTH\8810010927
Системный номер авторитетной/нормативной записи 519528
801 #0 - ИСТОЧНИК ЗАПИСИ
Страна Российская Федерация
Организация NLR
Правила каталогизации psbo
801 #0 - ИСТОЧНИК ЗАПИСИ
Страна Российская Федерация
Организация RuMoRGB
Источник данных psbo
801 #1 - ИСТОЧНИК ЗАПИСИ
Страна Российская Федерация
Организация ProSoft-M
Источник данных rusmarc
852 ## - МЕСТОНАХОЖДЕНИЕ И ШИФР ХРАНЕНИЯ
Идентификатор организации NLR (1869-1897)
Шифр хранения (Call Number) Шифры разные
899 ## - ДАННЫЕ О МЕСТОНАХОЖДЕНИИ (устаревшее)
Местонахождение RuMoRGB (1873-1892*)
Шифр хранения A 147/125
899 ## - ДАННЫЕ О МЕСТОНАХОЖДЕНИИ (устаревшее)
Местонахождение RuMoRGB (1873-1892*)
Шифр хранения U 249/203
899 ## - ДАННЫЕ О МЕСТОНАХОЖДЕНИИ (устаревшее)
Местонахождение ГПИБ (1869-1873)
942 ## - ДОПОЛНИТЕЛЬНЫЕ ЭЛЕМЕНТЫ ЗАПИСИ (АБИС)
Тип экземпляра АБИС Книга

Нет доступных экземпляров.